000 00427nam a2200181 4500
005 20260123145642.0
008 CU45
020 _a9780030211041
050 _aHF5415CHU
100 _aGILBERT A. CHURCHILL
245 _aBASIC MARKETING RESEARCH
250 _a4TH
260 _aAUSTRALIA
_bTHOMSON
_c2001
300 _aXVII,830p.,TABLES,ILLUS.
500 _aAPPENDIX,INDEX
700 _aARTHUR C. NEILSEN
942 _2lcc
_cBK
_n0
999 _c8635
_d8635